Cómo redactar un tema : (Record no. 209843)
[ view plain ]
| 000 -CABECERA | |
|---|---|
| campo de control de longitud fija | 00789nam a2200253 a 4500 |
| 005 - FECHA Y HORA DE LA ÚLTIMA TRANSACCIÓN | |
| campo de control | 20240208063704.0 |
| 008 - DATOS DE LONGITUD FIJA--INFORMACIÓN GENERAL | |
| campo de control de longitud fija | 230619t2019 mx |||||r|||| 000 0 spa d |
| 020 ## - NÚMERO INTERNACIONAL NORMALIZADO PARA LIBROS | |
| Número Internacional Normalizado del libro | 9786077477297 |
| 040 ## - FUENTE DE CATALOGACIÓN | |
| Agencia de catalogación original | MX-MxUPN |
| Idioma de catalogación | spa |
| Agencia que realiza la transcripción | MX-MxUPN |
| 041 1# - | |
| -- | spa |
| -- | ita |
| 050 14 - | |
| -- | PN197 |
| -- | S47 2019 |
| 100 1# - | |
| -- | Serafini, Maria Teresa |
| -- | 50962 |
| 245 10 - MENCIÓN DE TÍTULO | |
| Título | Cómo redactar un tema : |
| Parte restante del título | piensa, planifica y escribe |
| 250 ## - MENCIÓN DE EDICIÓN | |
| Mención de edición | Primer edición impresa en México. |
| 260 ## - PUBLICACION, DISTRIBUCION, ETC. (PIE DE IMPRENTA) | |
| Lugar de publicación, distribución, etc. | Ciudad de México : |
| Nombre del editor, distribuidor, etc. | Paidós, |
| Fecha de publicación, distribución, etc. | ©2019 |
| 300 ## - DESCRIPCIÓN FÍSICA | |
| Extensión | 285 páginas |
| 500 ## - NOTA GENERAL | |
| Nota general | Traducción de: Come si fa un tema in clase. |
| 500 ## - NOTA GENERAL | |
| Nota general | Reposición |
| 650 #4 - | |
| -- | Redacción |
| -- | 1538 |
| 650 #4 - | |
| -- | Escritura creativa |
| -- | 12783 |
| 902 ## - ELEMENTOS DE DATOS B LOCAL, LDB (RLIN) | |
| Creó | MarisolLicea/190623 |
| Modificó | Víctor Ruiz/070224 |
| 942 ## - ELEMENTOS DE PUNTO DE ACCESO ADICIONAL (KOHA) | |
| Fuente del sistema de clasificación o colocación | Library of Congress Classification |
| Tipo de ítem Koha | Libro |
| Estado de retiro | Estado de pérdida | Fuente del sistema de clasificación o colocación | Estado dañado | No para préstamo | Código de colección | Localización permanente | Ubicación/localización actual | Ubicación en estantería | Fecha de adquisición | Signatura topográfica completa | Código de barras | Fecha visto por última vez | Tipo de ítem Koha |
|---|---|---|---|---|---|---|---|---|---|---|---|---|---|
| Library of Congress Classification | Colección General | Bib. Gregorio Torres Quintero | Bib. Gregorio Torres Quintero | Planta baja | 19/06/2023 | PN197 S47 2019 | 336696 | 19/06/2023 | Libro |
